000 00341nam a2200145Ia 4500
100 _aSimonds Fred
942 _cBK
654 _alan communication handbook
245 _aMc Graw Hill LAN Communications Handbook
260 _bMc Graw Hill
_aNew York
_c1994
082 _a4.68
_bSIM
300 _a444
546 _aENGLISH
999 _c32366
_d32366